000 00579nam a22001697a 4500
005 20230303013320.0
008 230303b |||||||| |||| 00| 0 eng d
020 _a978-1-4522-0505-2
082 _aGrad. 306.43 So687 2013
100 _aAinsworth, James
_eeditor
245 _aSociology of education:
_ban A-to-Z guide /
_cJames Ainsworth, editor
260 _aLos Angeles:
_bSage Publications,
_cc2013
300 _a2v(xli, 1002)p.
504 _aIncludes index
541 _e4426 v.1 c.1, 4427 v.2 c.1, 5222 v.1 c.2, 5223 v.2 c.2
650 _aEducational sociology - Encyclopedias
999 _c1520
_d1520